|
|
|
|
| LEADER |
00000nam0a2200000 4500 |
| 001 |
353715 |
| 005 |
20231102010623.0 |
| 035 |
|
|
|a (RuTPU)RU\TPU\retro\10972
|
| 090 |
|
|
|a 353715
|
| 100 |
|
|
|a 20200528d1972 km y0rusy50 ca
|
| 101 |
0 |
|
|a rus
|
| 102 |
|
|
|a RU
|
| 105 |
|
|
|a a z 001zy
|
| 200 |
1 |
|
|a Человек и свобода
|f Э. А. Баллер
|
| 210 |
|
|
|a Москва
|c Советская Россия
|d 1972
|
| 215 |
|
|
|a 283 с.
|c ил.
|
| 225 |
1 |
|
|a Советский образ жизни: основные черты, содержание, преимущества
|
| 320 |
|
|
|a Библиография в ссылках
|
| 606 |
1 |
|
|a Свобода личности
|x Социальная философия
|2 stltpush
|3 (RuTPU)RU\TPU\subj\54240
|9 72398
|
| 610 |
1 |
|
|a общество
|
| 610 |
1 |
|
|a человек
|
| 610 |
1 |
|
|a социалистическое общество
|
| 610 |
1 |
|
|a капиталистическое общество
|
| 610 |
1 |
|
|a история
|
| 610 |
1 |
|
|a свободы
|
| 610 |
1 |
|
|a демократия
|
| 610 |
1 |
|
|a равноправие
|
| 686 |
|
|
|a Ю633.3
|v LBC/SL-A
|2 rubbk
|
| 700 |
|
1 |
|a Баллер
|b Э. А.
|g Элеарз Александрович
|
| 801 |
|
1 |
|a RU
|b 63413507
|c 20200528
|
| 801 |
|
2 |
|a RU
|b 63413507
|c 20201203
|g RCR
|
| 942 |
|
|
|c BK
|